Analýza výšky poplatkov za komunálne odpady na Slovensku

Analýza výšky poplatkov za komunálny odpad vo vybraných obciach. Porovnanie štatistických údajov podľa krajov. Porovnanie priemerných poplatkov v mestách. Porovnanie priemerných poplatkov v obciach. Porovnanie s ďalšími faktormi: mzda, nezamestnanosť a množstvo komunálneho odpadu v krajoch SR. Vyhod...

Descripción completa

Guardado en:
Detalles Bibliográficos
Autor principal: Bosák, Martin, 1967-
Formato: Capítulo de libro
Lenguaje:eslovaco
Materias:
Etiquetas: Agregar Etiqueta
Sin Etiquetas, Sea el primero en etiquetar este registro!

MARC

LEADER 00000naa a2200000 4500
001 0248782
005 20240502073959.2
041 0 |a slo 
044 |a SK 
245 1 0 |a Analýza výšky poplatkov za komunálne odpady na Slovensku  |c Martin Bosák 
520 |a Analýza výšky poplatkov za komunálny odpad vo vybraných obciach. Porovnanie štatistických údajov podľa krajov. Porovnanie priemerných poplatkov v mestách. Porovnanie priemerných poplatkov v obciach. Porovnanie s ďalšími faktormi: mzda, nezamestnanosť a množstvo komunálneho odpadu v krajoch SR. Vyhodnotenie výsledkov. 
610 2 0 |a odpad komunálny 
610 2 0 |a poplatky 
610 2 0 |a analýza štatistická 
610 2 0 |a kraje 
610 2 0 |a mestá 
610 2 0 |a obce 
610 2 0 |a mzdy 
610 2 0 |a nezamestnanosť 
610 2 0 |a Slovensko 
100 1 |a Bosák, Martin, 1967-